Zákon o pedagogických pracovnících a navazující školské předpisy /

Hlavní autor: Trunda, Michal
Korporativní autor: Česko.
Další autoři: Šimáček, Pavel
Jazyk: Čeština
Vydáno: Třinec : RESK, spol. s r.o., 2016
Vydání: 3. vydání
Témata:
Fyzický popis: 164 stran ; 21 cm
Knihy
Uloženo v:
LEADER 02639nam a2200541 i 4500
001 nkc20162783102
003 CZ PrNK
005 20160413090141.0
007 ta
008 160308s2016 xr e 000 0 cze
015 |a cnb002783102 
020 |a 978-80-87675-11-3  |q (brožováno) 
035 |a (OCoLC)946295728 
040 |a OLA001  |b cze  |e rda 
043 |a e-xr--- 
072 7 |a 351  |x Úkoly veřejné správy, správní opatření, legislativa  |2 Konspekt  |9 15 
080 |a 351.851  |2 MRF 
080 |a 37.011.3-051  |2 MRF 
080 |a (437.3)  |2 MRF 
080 |a (094.5)  |2 MRF 
100 1 |a Trunda, Michal  |7 jo2014813581  |4 cwt 
245 1 0 |a Zákon o pedagogických pracovnících a navazující školské předpisy /  |c M. Trunda, P. Šimáček 
250 |a 3. vydání 
264 1 |a Třinec :  |b RESK, spol. s r.o.,  |c 2016 
300 |a 164 stran ;  |c 21 cm 
336 |a text  |b txt  |2 rdacontent 
337 |a bez média  |b n  |2 rdamedia 
338 |a svazek  |b nc  |2 rdacarrier 
500 |a Název z obálky 
500 |a Podle stavu ke dni 1.1.2016 
504 |a Obsahuje bibliografické odkazy 
505 0 0 |t Zákon č. 563/2004 Sb., o pedagogických pracovnících a o změně některých zákonů --  |t Nařízení vlády č. 75/2005 Sb., o stanovení rozsahu přímé vyučovací, přímé výchovné, přímé speciálně pedagogické a přímé pedagogicko-psychologické činnosti pedagogických pracovníků --  |t Vyhláška č. 263/2006 Sb., kterou se stanoví pracovní řád pro zaměstnance škol a školských zařízení zřízených Ministerstvem školství, mládeže a tělovýchovy, krajem, obcí nebo dobrovolným svazkem obcí --  |t Vyhláška č. 317/2005 Sb., o dalším vzdělávání pedagogických pracovníků, akreditační komisi a kariérním systému pedagogických pracovníků 
650 0 7 |a školství  |7 ph116829  |z Česko  |2 czenas 
650 0 7 |a pedagogové  |7 ph137912  |z Česko  |2 czenas 
650 0 9 |a education  |z Czechia  |2 eczenas 
650 0 9 |a educationalists  |z Czechia  |2 eczenas 
655 7 |a zákony  |7 fd133886  |2 czenas 
655 7 |a právní předpisy  |7 fd133151  |2 czenas 
655 9 |a laws  |2 eczenas 
655 9 |a legal regulations  |2 eczenas 
700 1 |a Šimáček, Pavel  |7 jo2014813562  |4 cwt 
710 1 2 |a Česko.  |t Zákon o pedagogických pracovnících (2004, novela 2015)  |7 kon2016906119 
910 2 |a BOA001  |b 2-1365.076 
990 |a BK 
995 |a 01 
991 |b 201603  |c NOV 
996 6 |b 2610664931  |c 2-1365.076  |l MZK  |r Sklad / do 1 hodiny  |n 4  |p p.v.  |w 001552610  |u 000010  |a 1  |e BOA001  |j MZK50  |s P 
996 7 |b 2610666952  |c 2-1365.076  |l MZK  |r Sklad / do 1 hodiny  |n 20  |p kup  |w 001552610  |u 000020  |a 1  |e BOA001  |j MZK50  |s A